000
00430nam a2200133Ia 4500
008
100328s9999 xx 000 0 und d
082
_b
41152
100
_a
मांडे अरुण-अनु.(मूळ लेखक-हॅरॉल्ड रॉबिन्स).
245
_a
अमर
260
_b
मेहता पब्लिशिंग हाऊस.
630
_a
अमर
730
_a
अमर
942
_c
BOOK
999
_c
529793
_d
529790